| 000 | 00506nam a2200181Ia 4500 | ||
|---|---|---|---|
| 008 | 140529s9999 xx 000 0 und d | ||
| 020 | _a9780071781503 | ||
| 050 |
_aRA 409 _b.G55 2012 |
||
| 100 | _aGlantz, Stanton A. | ||
| 245 |
_aPrimer of biostatistics / _cStanton A. Glantz |
||
| 250 | _a7th ed. | ||
| 260 |
_aNew York : _bMcGraw-Hill, _cc2012. |
||
| 300 |
_a306 p. : _bill. ; _c24 cm. _e+ 1 CD-ROM (4 3/4 in). |
||
| 500 | _aIncludes index. | ||
| 521 | _aGE | ||
| 942 |
_kFOR _cBK |
||
| 999 |
_c117705 _d117705 |
||